| 000 | 00863 a2200241 4500 | ||
|---|---|---|---|
| 003 | Nust | ||
| 005 | 20170207154050.0 | ||
| 010 | _a 2004016088 | ||
| 020 | _a0838935486 | ||
| 040 | _cNust | ||
| 082 | 0 | 0 | _a025.3/2 |
| 100 | 1 | _aGorman, Michael, | |
| 245 | 1 | 4 |
_aThe concise AACR2(E-BOOK) _cprepared by Michael Gorman. |
| 246 | 3 | _aConcise Anglo-American cataloguing rules, 2004 revision | |
| 250 | _a4th ed. | ||
| 260 |
_aChicago : _bAmerican Library Association ; _aOttawa : _bCanadian Library Association ; _aLondon : _bChartered Institute of Library and Information Professionals, _c2004. |
||
| 300 |
_axvii, 179 p. ; _c23 cm. |
||
| 500 | _a"Based on AACR2, 2002 revision, 2004 update." | ||
| 500 | _aIncludes index. | ||
| 650 | 0 | _aDescriptive cataloging | |
| 651 | _aE-BOOK | ||
| 856 | 4 | 1 |
_3Table of contents _uhttp://www.loc.gov/catdir/toc/ecip0420/2004016088.html |
| 942 |
_2ddc _cBK |
||
| 999 |
_c193093 _d193093 |
||